| 000 | 00483nam a2200145Ia 4500 | ||
|---|---|---|---|
| 005 | 20260328104306.0 | ||
| 008 | 260328s9999||||xx |||||||||||||| ||und|| | ||
| 100 | _aEttinger McEnulty, Catherine R. | ||
| 245 | 0 |
_aSegunda Modernidad Urbano Arquitectónica; lecciones significativas de la segunda Modernidad en México. / _cCatherine R. Ettinger McEnulty |
|
| 250 | _a1a ed. | ||
| 260 | _bUniversidad Autónoma Metropolitana | ||
| 300 | _a413 p. | ||
| 650 | _aURBANISMO | ||
| 942 | _cBK | ||
| 999 |
_c10754 _d10754 |
||